[Event "VI. Karnevals-Open"]
[Site "Solingen"]
[Date "2015.02.14"]
[Round "3.10"]
[White "Peters, Jens"]
[Black "Herzum, Peter"]
[Result "0-1"]
[WhiteElo "1781"]
[BlackElo "1998"]
[PlyCount "134"]
[EventDate "2015.??.??"]
[WhiteTeam "SK Xanten"]
[BlackTeam "Düsseldorfer SK"]

1. e4 c5 2. Nc3 e6 3. f4 a6 4. Nf3 b5 5. g3 Bb7 6. d3 g6 7. Bg2 Ne7 8. e5 Nf5
9. Ne4 Be7 10. O-O d5 11. exd6 Bxd6 12. b3 Be7 13. Qe1 O-O 14. Qf2 Nd7 15. g4
Ng7 16. Ne5 f5 17. Nxd7 Qxd7 18. gxf5 exf5 19. Nxc5 Bxc5 20. Qxc5 Bxg2 21. Kxg2
Rac8 22. Qf2 Qc6+ 23. Kg1 Qxc2 24. d4 Qxf2+ 25. Rxf2 Rfd8 26. Bb2 Ne6 27. Re1
Kf7 28. Re3 Rd5 29. Re5 Rcd8 30. Kg2 R5d6 31. Kg3 Nxd4 32. Bxd4 Rxd4 33. Rfe2
R8d7 34. Re6 R4d6 35. Rxd6 Rxd6 36. Rc2 h6 37. h4 h5 38. Kf3 Ke6 39. Re2+ Kd5
40. Rd2+ Kc6 41. Rc2+ Kd7 42. Ke3 Re6+ 43. Kf2 Re4 44. Kf3 Re1 45. Rg2 Re6 46.
Rd2+ Kc6 47. b4 Re4 48. Rg2 Re6 49. Rd2 Kb6 50. Rc2 a5 51. a3 axb4 52. axb4 Rd6
53. Ke3 Re6+ 54. Kf3 Re4 55. Rb2 Kc6 56. Rb1 Kd5 57. Rd1+ Rd4 58. Rb1 Rd3+ 59.
Ke2 Rh3 60. Kf2 Rxh4 61. Kg3 Rg4+ 62. Kf3 Kc4 63. Rb2 Rg1 64. Ke3 Rg3+ 65. Kf2
h4 66. Rb1 Rb3 67. Rh1 h3 0-1

[Event "VI. Karnevals-Open"]
[Site "Solingen"]
[Date "2015.02.14"]
[Round "3.11"]
[White "Speck, Stefan"]
[Black "Kuehn, Patrick"]
[Result "1/2-1/2"]
[WhiteElo "1984"]
[BlackElo "1763"]
[PlyCount "58"]
[EventDate "2015.??.??"]
[WhiteTeam "SC Solingen 28"]
[BlackTeam "SG Hochneukirch"]

1. d4 Nf6 2. c4 g6 3. Nc3 Bg7 4. e4 d6 5. Be2 O-O 6. Bg5 h6 7. Be3 c5 8. e5
dxe5 9. dxe5 Qxd1+ 10. Rxd1 Ng4 11. Bxc5 Nxe5 12. Nd5 Nbc6 13. Bxe7 Nxe7 14.
Nxe7+ Kh7 15. Nxc8 Raxc8 16. b3 Rfe8 17. Kf1 Rcd8 18. Rxd8 Rxd8 19. f4 Nc6 20.
Nf3 Nd4 21. Kf2 Nxf3 22. Kxf3 Rd2 23. Rd1 Rxa2 24. Rd7 b6 25. Rxf7 Kg8 26. Rd7
Bf8 27. Rd3 Kf7 28. g4 a5 29. h4 Rb2 1/2-1/2

[Event "VI. Karnevals-Open"]
[Site "Solingen"]
[Date "2015.02.14"]
[Round "3.12"]
[White "Bießner, Eberhard"]
[Black "Görke, Joachim"]
[Result "0-1"]
[WhiteElo "1895"]
[BlackElo "2124"]
[PlyCount "80"]
[EventDate "2015.??.??"]
[WhiteTeam "Rheydter SV"]
[BlackTeam "SG Solingen"]

1. e4 e5 2. Nf3 Nc6 3. Bc4 Be7 4. d4 d6 5. dxe5 dxe5 6. Qxd8+ Bxd8 7. Nc3 Nf6
8. Bg5 O-O 9. O-O-O Bg4 10. Be2 Bxf3 11. Bxf3 Nd4 12. Bxf6 Bxf6 13. Be2 c6 14.
Bd3 b5 15. Ne2 Ne6 16. b3 a5 17. Kb2 Rfb8 18. c3 Nf4 19. g3 Ne6 20. Bc2 b4 21.
Rd7 g5 22. Rhd1 Kf8 23. Bd3 Be7 24. Bc4 Nc5 25. Rc7 Rd8 26. Rxd8+ Rxd8 27. cxb4
axb4 28. f3 Nd3+ 29. Bxd3 Rxd3 30. Rxc6 Rxf3 31. Nc1 Re3 32. Rc4 g4 33. Kc2 h5
34. Kd1 h4 35. Ne2 h3 36. Ke1 Ke8 37. Kf2 Rd3 38. Ke1 Kd7 39. Nc1 Rxg3 40. Rc2
Rg1+ 0-1

[Event "VI. Karnevals-Open"]
[Site "Solingen"]
[Date "2015.02.14"]
[Round "3.13"]
[White "Boschek, Dr. Hans-Joachim"]
[Black "Flesch, Dr. Stefan"]
[Result "1/2-1/2"]
[WhiteElo "1886"]
[BlackElo "2121"]
[PlyCount "54"]
[EventDate "2015.??.??"]
[WhiteTeam "SG Solingen"]
[BlackTeam "Düsseldorfer SK"]

1. c4 g6 2. g3 Bg7 3. Bg2 e5 4. Nc3 Nc6 5. e4 d6 6. Nge2 Nge7 7. d3 O-O 8. O-O
f5 9. Nd5 Nxd5 10. cxd5 Ne7 11. Be3 c5 12. dxc6 Nxc6 13. d4 Kh8 14. Qd2 fxe4
15. Bxe4 Qe8 16. Bg2 Bg4 17. Rfe1 Qf7 18. d5 Ne7 19. Rac1 Bf3 20. Bxf3 Qxf3 21.
Nc3 Nf5 22. Qd1 Nxe3 23. Qxf3 Rxf3 24. fxe3 Bh6 25. Nd1 Raf8 26. Rc2 Bg5 27.
Kg2 R3f7 1/2-1/2

[Event "VI. Karnevals-Open"]
[Site "Solingen"]
[Date "2015.02.14"]
[Round "3.14"]
[White "Probst, Andreas"]
[Black "Kissing, Bastian"]
[Result "1-0"]
[WhiteElo "2041"]
[BlackElo "1851"]
[PlyCount "39"]
[EventDate "2015.??.??"]
[WhiteTeam "Düsseldorfer SK"]
[BlackTeam "SC Tornado Wuppertal"]

1. d4 Nf6 2. c4 e6 3. g3 d5 4. Nf3 Be7 5. Bg2 Nbd7 6. O-O b6 7. Qc2 Bb7 8. cxd5
exd5 9. Bf4 c5 10. Nc3 a6 11. Rad1 Rc8 12. Qf5 c4 13. Ne5 Nf8 14. Bh3 Ng6 15.
Bg5 Rc7 16. Bg2 b5 17. Bxf6 Bxf6 18. Ng4 Rd7 19. Nxf6+ gxf6 20. e4 1-0

[Event "VI. Karnevals-Open"]
[Site "Solingen"]
[Date "2015.02.14"]
[Round "3.15"]
[White "Ramien, David"]
[Black "Nguyen, Gia Huy Philipp"]
[Result "1/2-1/2"]
[WhiteElo "1987"]
[BlackElo "1832"]
[PlyCount "63"]
[EventDate "2015.??.??"]
[WhiteTeam "SG Porz"]
[BlackTeam "SG Solingen"]

1. e4 c5 2. Nf3 d6 3. Nc3 Nf6 4. d4 cxd4 5. Nxd4 a6 6. Bd3 Nbd7 7. O-O e6 8. a4
Be7 9. Kh1 Qc7 10. Qe2 O-O 11. f4 Rd8 12. Bd2 Nc5 13. e5 dxe5 14. fxe5 Rxd4 15.
exf6 Bxf6 16. Be3 Rh4 17. g3 Nxd3 18. cxd3 Rb4 19. Rac1 Qd8 20. h3 Bd7 21. Kh2
Bc6 22. Bc5 Bxc3 23. Rxc3 Rxa4 24. Qf2 Qd7 25. b3 Ra5 26. Rc4 Bd5 27. Rf4 e5
28. Rg4 Bxb3 29. Rxg7+ Kxg7 30. Qf6+ Kg8 31. Qg5+ Kh8 32. Qf6+ 1/2-1/2

[Event "VI. Karnevals-Open"]
[Site "Solingen"]
[Date "2015.02.14"]
[Round "3.16"]
[White "Suvorov, Alexander"]
[Black "Krüger, Till"]
[Result "1-0"]
[WhiteElo "1823"]
[BlackElo "1973"]
[PlyCount "109"]
[EventDate "2015.??.??"]
[WhiteTeam "SG Porz"]
[BlackTeam "SC Nidderau"]

1. d4 Nf6 2. Nf3 g6 3. c4 Bg7 4. Nc3 d6 5. g3 O-O 6. Bg2 Nbd7 7. O-O c6 8. b3
Qc7 9. e3 a5 10. a4 e5 11. Ba3 exd4 12. Nxd4 Nc5 13. Qc2 Re8 14. Rad1 Bd7 15.
Rd2 Rad8 16. Rfd1 Bc8 17. Ndb5 cxb5 18. Nxb5 Qb8 19. Nxd6 Rxd6 20. Rxd6 Bf5 21.
Qc1 Nfe4 22. Bxc5 Nxc5 23. Qa3 Ne4 24. Bxe4 Bxe4 25. Qa2 Bf3 26. R1d2 Qc8 27.
Qb1 h5 28. Qd3 Qh3 29. Qf1 Qg4 30. h3 Qf5 31. Kh2 Bc6 32. Rd8 Rxd8 33. Rxd8+
Kh7 34. Qe2 Bf6 35. Rd2 Bf3 36. Qd3 Qe5 37. Qd4 h4 38. Qxe5 Bxe5 39. Rd3 Be4
40. Rd7 Kg7 41. f4 hxg3+ 42. Kxg3 Bc6 43. Rd3 Bc7 44. Rc3 Kf6 45. Kg4 Be4 46.
h4 b6 47. c5 bxc5 48. Rxc5 Bb6 49. Rb5 Bd8 50. b4 axb4 51. Rxb4 Bc6 52. Rc4 Bb7
53. e4 Ke6 54. h5 gxh5+ 55. Kxh5 1-0

[Event "VI. Karnevals-Open"]
[Site "Solingen"]
[Date "2015.02.14"]
[Round "3.17"]
[White "Rosenauer, Horst"]
[Black "Gula, Julian"]
[Result "1-0"]
[WhiteElo "1963"]
[BlackElo "1632"]
[PlyCount "49"]
[EventDate "2015.??.??"]
[WhiteTeam "Bergische SF"]
[BlackTeam "SF Düsseldorf-Süd"]

1. e4 c5 2. Nf3 a6 3. c4 e6 4. Nc3 Nc6 5. d4 cxd4 6. Nxd4 Qc7 7. Be3 Nf6 8.
Nxc6 bxc6 9. Bd3 Bb4 10. Rc1 O-O 11. O-O Bxc3 12. Rxc3 d6 13. f4 Nd7 14. Qh5 e5
15. f5 Rb8 16. b3 Qa5 17. Rc2 Nf6 18. Qh4 d5 19. Kh1 Bd7 20. Bg5 Nxe4 21. Bxe4
dxe4 22. f6 Qc5 23. Bh6 Rfe8 24. Bxg7 Qe3 25. Bh6 1-0

[Event "VI. Karnevals-Open"]
[Site "Solingen"]
[Date "2015.02.14"]
[Round "3.18"]
[White "Reinacher, Detlev"]
[Black "Pauls, Wilhelm"]
[Result "0-1"]
[WhiteElo "1772"]
[BlackElo "1956"]
[PlyCount "116"]
[EventDate "2015.??.??"]
[WhiteTeam "SC Hansa Dortmund"]
[BlackTeam "SG Kaarst"]

1. e4 e5 2. d3 Nf6 3. g3 Bc5 4. Bg2 d6 5. Nf3 Nbd7 6. c3 Bb6 7. Nbd2 c6 8. O-O
Qe7 9. Qc2 Nf8 10. b4 Ng6 11. Bb2 h5 12. d4 h4 13. Nc4 Bc7 14. a4 hxg3 15. fxg3
Ng4 16. Rae1 f6 17. h3 Nh6 18. Ne3 Be6 19. d5 Bd7 20. a5 a6 21. c4 Bb8 22. c5
Ba7 23. Ba3 O-O 24. Nf5 Qd8 25. dxc6 Bxc6 26. Nxh6+ gxh6 27. Rd1 Qe7 28. Kh2
dxc5 29. bxc5 Rad8 30. Qb3+ Kh7 31. Nd2 Bxc5 32. Nc4 Bxa3 33. Nxa3 Kg7 34. Rfe1
Rxd1 35. Rxd1 Rd8 36. Nc4 Rxd1 37. Qxd1 Qc5 38. Nd6 Kh7 39. Nf5 Qf8 40. Qh5 Be8
41. Qg4 Ne7 42. Nd6 Bc6 43. Qe6 Ng8 44. Qf5+ Kh8 45. Qe6 Qe7 46. Nf7+ Kg7 47.
Qxe7 Nxe7 48. Nd8 Kf8 49. Ne6+ Ke8 50. Nc5 Kd8 51. Bf1 Kc7 52. Bd3 Kd6 53. Nb3
Ba4 54. Bc4 Nc6 55. Be6 Kxe6 56. Nc5+ Kd6 57. Nxa4 Nxa5 58. Nb6 Nb3 0-1

[Event "VI. Karnevals-Open"]
[Site "Solingen"]
[Date "2015.02.14"]
[Round "3.19"]
[White "Große-Hering, Peter"]
[Black "Rudolph, Eva"]
[Result "1-0"]
[WhiteElo "1944"]
[BlackElo "1439"]
[PlyCount "73"]
[EventDate "2015.??.??"]
[WhiteTeam "SV Horst-Emscher"]
[BlackTeam "Düsseldorfer SK"]

1. Nf3 d5 2. g3 e6 3. Bg2 Nf6 4. d3 Be7 5. O-O O-O 6. Nbd2 b6 7. e4 Bb7 8. e5
Nfd7 9. Re1 c5 10. Nf1 Nc6 11. h4 Qc7 12. Bf4 Rae8 13. N1h2 Qb8 14. c3 Bd8 15.
Qe2 Bc7 16. d4 f6 17. Rad1 cxd4 18. cxd4 fxe5 19. dxe5 Rd8 20. Bh3 Rfe8 21. Ng5
Nf8 22. Qh5 Rd7 23. Ng4 Qd8 24. Nf6+ gxf6 25. exf6 Kh8 26. Nf7+ Rxf7 27. Qxf7
Qd7 28. Qxd7 Nxd7 29. Bxc7 Nxf6 30. Rxe6 Rxe6 31. Bxe6 Nb4 32. a3 Na6 33. Be5
Kg7 34. Bxd5 Bc8 35. Bc4 Nc5 36. Rd8 Bf5 37. Rg8+ 1-0

[Event "VI. Karnevals-Open"]
[Site "Solingen"]
[Date "2015.02.14"]
[Round "3.20"]
[White "Lechner, Alexander"]
[Black "Timar-Geng, Dr. Zoltan"]
[Result "1/2-1/2"]
[WhiteElo "1691"]
[BlackElo "1939"]
[PlyCount "71"]
[EventDate "2015.??.??"]
[WhiteTeam "SG Porz"]
[BlackTeam "SC Eulenspiegel Regensb."]

1. e4 e5 2. Nf3 Nc6 3. Bb5 a6 4. Ba4 Nge7 5. c3 g6 6. O-O Bg7 7. d4 exd4 8.
cxd4 b5 9. Bb3 d6 10. Nc3 O-O 11. h3 Na5 12. Bc2 c5 13. Be3 Nc4 14. b3 Nxe3 15.
fxe3 Bb7 16. Rc1 Rc8 17. Ne2 Rc7 18. d5 Bh6 19. Nf4 Bg7 20. Qe1 Nc8 21. Bd3 Nb6
22. Qe2 Re7 23. Nd2 Bh6 24. a4 c4 25. bxc4 Nxa4 26. cxb5 axb5 27. Bxb5 Nc5 28.
Rb1 Nxe4 29. Nxe4 Rxe4 30. Bd3 Re7 31. Qf3 Bg7 32. Rb3 Qa5 33. Rfb1 Qa7 34. Bb5
g5 35. Nh5 Be5 36. Nf6+ 1/2-1/2

[Event "VI. Karnevals-Open"]
[Site "Solingen"]
[Date "2015.02.14"]
[Round "3.21"]
[White "Sewald, Kathrin"]
[Black "Chittka, Julius"]
[Result "0-1"]
[WhiteElo "1542"]
[BlackElo "1928"]
[PlyCount "102"]
[EventDate "2015.??.??"]
[WhiteTeam "SG Porz"]
[BlackTeam "SF Düsseldorf-Süd"]

1. e4 c5 2. Nf3 Nc6 3. d4 cxd4 4. Nxd4 g6 5. c4 Bg7 6. Nb3 Nf6 7. Nc3 a5 8. Be3
a4 9. Nd2 a3 10. Qb3 axb2 11. Rb1 Qa5 12. f3 Ng4 13. Nd5 Nxe3 14. Qxe3 e6 15.
Nf4 Bh6 16. e5 Qxe5 17. Qxe5 Nxe5 18. Nd3 Nxd3+ 19. Bxd3 Rxa2 20. Ne4 Ke7 21.
Ke2 Bg7 22. Rhd1 f5 23. Nc5 b6 24. Nb3 Ba6 25. c5 Bxd3+ 26. Rxd3 Ra1 27. Rdd1
Rxb1 28. Rxb1 bxc5 29. Nxc5 Rc8 30. Nd3 Rc2+ 31. Kf1 e5 32. Nxb2 Bh6 33. Nd3 e4
34. fxe4 fxe4 35. Re1 d5 36. Nb4 Rc5 37. Rd1 Ke6 38. Kf2 Bf4 39. g3 Bd6 40. Re1
Rb5 41. Nd3 Rb3 42. Nc1 Rb2+ 43. Ne2 d4 44. Kf1 Kd5 45. Rd1 d3 46. Nc3+ Kd4 47.
Na4 Ra2 48. Nb6 e3 49. Rb1 Rxh2 50. Kg1 Rc2 51. Na4 d2 0-1

[Event "VI. Karnevals-Open"]
[Site "Solingen"]
[Date "2015.02.14"]
[Round "3.22"]
[White "Kagan, Dennis"]
[Black "Kroo, Julian"]
[Result "1/2-1/2"]
[WhiteElo "1926"]
[BlackElo "1644"]
[PlyCount "33"]
[EventDate "2015.??.??"]
[WhiteTeam "SG Porz"]
[BlackTeam "SV Turm Drolshagen"]

1. e4 c5 2. Nc3 d6 3. g3 Nc6 4. Bg2 Nf6 5. Nge2 e6 6. O-O Be7 7. d4 cxd4 8.
Nxd4 Nxd4 9. Qxd4 O-O 10. Rd1 a6 11. Bg5 Qc7 12. Bxf6 gxf6 13. Rac1 Rd8 14. Ne2
Bd7 15. c4 Rac8 16. b3 Qb8 17. Nc3 1/2-1/2

[Event "VI. Karnevals-Open"]
[Site "Solingen"]
[Date "2015.02.14"]
[Round "3.25"]
[White "Fränzel, Dr. Marius"]
[Black "Cornelißen, Jonas"]
[Result "1-0"]
[WhiteElo "1864"]
[BlackElo "1295"]
[PlyCount "101"]
[EventDate "2015.??.??"]
[WhiteTeam "SG Solingen"]
[BlackTeam "SK Xanten"]

1. e4 c5 2. c3 g6 3. d4 cxd4 4. cxd4 Bg7 5. Nf3 d6 6. Nc3 Nf6 7. h3 O-O 8. Bc4
Nxe4 9. Bxf7+ Rxf7 10. Nxe4 Bf5 11. Neg5 Rf8 12. Qb3+ Kh8 13. Nf7+ Rxf7 14.
Qxf7 Nc6 15. O-O d5 16. Ng5 Nxd4 17. Rd1 Nc2 18. Rxd5 Qf8 19. Rxf5 gxf5 20. Rb1
Qxf7 21. Nxf7+ Kg8 22. Nh6+ Bxh6 23. Bxh6 Kf7 24. Rc1 Nb4 25. a3 Nd3 26. Rc7
Kg6 27. Be3 Nxb2 28. Rxb7 Nc4 29. Rxe7 Nxa3 30. Bxa7 Nc4 31. Bd4 Rg8 32. Rc7
Nd2 33. Rc6+ Kh5 34. Be3 Nf3+ 35. Kh1 Ng5 36. Rf6 Rg7 37. Rxf5 h6 38. Ra5 Kg6
39. Bxg5 hxg5 40. g3 Rf7 41. Kg2 Kh6 42. g4 Rc7 43. Kg3 Rc3+ 44. f3 Rc1 45. Ra2
Rg1+ 46. Rg2 Rxg2+ 47. Kxg2 Kg6 48. Kg3 Kh6 49. f4 gxf4+ 50. Kxf4 Kg6 51. h4
1-0

[Event "VI. Karnevals-Open"]
[Site "Solingen"]
[Date "2015.02.14"]
[Round "3.26"]
[White "Ipekyilmaz, Tayfun"]
[Black "Falge, Rainer"]
[Result "1/2-1/2"]
[WhiteElo "1597"]
[BlackElo "1715"]
[PlyCount "45"]
[EventDate "2015.??.??"]
[WhiteTeam "Langenfelder SF"]
[BlackTeam "SG Solingen"]

1. e4 d6 2. d4 Nf6 3. Nc3 g6 4. f4 Bg7 5. Nf3 O-O 6. Bc4 c6 7. Bd2 b5 8. Bd3
Qb6 9. f5 Nbd7 10. e5 dxe5 11. fxg6 fxg6 12. dxe5 Ng4 13. Qe2 Ndxe5 14. O-O-O
Nxd3+ 15. cxd3 Bf5 16. Ne4 Bxe4 17. Qxe4 Qc5+ 18. Kb1 Qf5 19. Qe2 Rad8 20. Bc3
Rfe8 21. Rhf1 Bxc3 22. bxc3 Nf6 23. Nd4 1/2-1/2

[Event "VI. Karnevals-Open"]
[Site "Solingen"]
[Date "2015.02.14"]
[Round "3.27"]
[White "Lehmkau, Steffen"]
[Black "Müller, Adrian"]
[Result "1/2-1/2"]
[WhiteElo "1452"]
[BlackElo "1660"]
[PlyCount "98"]
[EventDate "2015.??.??"]
[WhiteTeam "SV Mülheim-Nord"]
[BlackTeam "Fideler Bauer Leverkusen"]

1. d4 Nf6 2. c4 g6 3. Nc3 Bg7 4. e4 d6 5. Nf3 O-O 6. Bd3 e5 7. d5 a5 8. O-O Na6
9. h3 Nh5 10. Re1 Nf4 11. Bxf4 exf4 12. Qd2 Nc5 13. Bc2 g5 14. e5 dxe5 15. Nxe5
f6 16. Nd3 Nd7 17. Bd1 Ne5 18. Nxe5 fxe5 19. Bf3 Ra6 20. Rad1 Bf5 21. Be4 Bd7
22. Qd3 h5 23. f3 Rh6 24. Kf1 Rf7 25. Ke2 Bf8 26. Kd2 a4 27. a3 Rb6 28. Rb1
Rff6 29. Ke2 Kg7 30. Qc2 Rb3 31. Red1 Qc8 32. Rd3 Bc5 33. Nd1 Rxd3 34. Qxd3 Rb6
35. Nc3 Rb3 36. Qd1 Bxa3 37. Bc2 Rxb2 38. Rxb2 Bxb2 39. Nxa4 Bxa4 40. Bxa4 b6
41. Qd3 Qf8 42. Bc2 Qf6 43. Qh7+ Kf8 44. Qxc7 Ba3 45. Qc8+ Kg7 46. Qd7+ Qf7 47.
Qxf7+ Kxf7 48. Kd3 Bd6 49. Ke4 Kf6 1/2-1/2

[Event "VI. Karnevals-Open"]
[Site "Solingen"]
[Date "2015.02.14"]
[Round "3.28"]
[White "Pan, Yun"]
[Black "Vishanji, Denis"]
[Result "1-0"]
[WhiteElo "1646"]
[BlackElo "1127"]
[PlyCount "61"]
[EventDate "2015.??.??"]
[WhiteTeam "Fideler Bauer Leverkusen"]
[BlackTeam "SV Turm Drolshagen"]

1. e4 e6 2. d4 d5 3. Nc3 Bb4 4. e5 c5 5. a3 Bxc3+ 6. bxc3 Qb6 7. Bd3 Nc6 8. Nf3
Nge7 9. O-O O-O 10. h4 c4 11. Be2 Nf5 12. g3 Qa5 13. Qd2 b5 14. Kg2 Qb6 15. a4
b4 16. cxb4 Qxb4 17. c3 Qb3 18. Ba3 Rd8 19. Rfb1 Qxa4 20. Bc5 Qxa1 21. Rxa1 Bd7
22. Bd1 Rdc8 23. Bc2 Nh6 24. Ng5 g6 25. Qf4 Rcb8 26. Qf6 Rb2 27. Rc1 a5 28. h5
a4 29. hxg6 hxg6 30. Bxg6 Be8 31. Bh7# 1-0

[Event "VI. Karnevals-Open"]
[Site "Solingen"]
[Date "2015.02.14"]
[Round "3.29"]
[White "Vishanji, Franz"]
[Black "Krabbe, Thomas"]
[Result "0-1"]
[WhiteElo "1621"]
[BlackElo "1148"]
[PlyCount "151"]
[EventDate "2015.??.??"]
[WhiteTeam "SV Turm Drolshagen"]
[BlackTeam "Düsseldorfer SK"]

1. e4 c5 2. Nf3 g6 3. d4 cxd4 4. Qxd4 Nf6 5. Nc3 Bg7 6. Qd1 O-O 7. Bc4 d6 8.
O-O Nc6 9. Re1 e5 10. Bg5 a6 11. Qd2 b5 12. Bd5 Qc7 13. Bh6 b4 14. Bxg7 Kxg7
15. Nd1 Rb8 16. c4 bxc3 17. Qxc3 Bd7 18. Rc1 Rfc8 19. Re2 Qb6 20. Qe3 Qxe3 21.
Nxe3 Nd4 22. Rxc8 Nxe2+ 23. Kf1 Rxc8 24. Kxe2 Bb5+ 25. Kd2 Nxd5 26. Nxd5 Rc4
27. Nc3 Bd7 28. Kd3 Rc7 29. a4 Rb7 30. Kc2 Rc7 31. Kd3 Be6 32. Nd2 f5 33. f3
fxe4+ 34. fxe4 Rf7 35. Ke3 Rb7 36. Nd1 Bg4 37. Nf2 Be6 38. Nd3 Rd7 39. Ke2 Rc7
40. Kd1 Bg4+ 41. Ke1 Bd7 42. a5 Bb5 43. Nf2 Rc1+ 44. Nd1 Ba4 45. b3 Bd7 46. h3
Be6 47. Ke2 d5 48. exd5 Bxd5 49. Ne3 Be6 50. Kd3 Ra1 51. Nec4 Bxc4+ 52. Nxc4
Rf1 53. Nxe5 Rg1 54. Nc6 Rxg2 55. Nb4 Rg5 56. Nxa6 Rxa5 57. Nb4 h5 58. Nc2 g5
59. b4 Ra8 60. Ne3 Ra3+ 61. Kd4 Rb3 62. b5 Rxb5 63. Ke4 Kf6 64. Kf3 Rb3 65. Kf2
Ke5 66. Ng2 Rxh3 67. Kg1 Rg3 68. Kh2 h4 69. Kh1 Ke4 70. Ne1 Ra3 71. Kg2 Rg3+
72. Kh2 Re3 73. Ng2 Re2 74. Kh1 Kf3 75. Kg1 h3 76. Kh1 0-1

[Event "VI. Karnevals-Open"]
[Site "Solingen"]
[Date "2015.02.14"]
[Round "3.31"]
[White "Lukoviczki, Matyas"]
[Black "Righi, Sofian"]
[Result "1-0"]
[WhiteElo "1846"]
[BlackElo "1601"]
[PlyCount "65"]
[EventDate "2015.??.??"]
[WhiteTeam "SG Kaarst"]
[BlackTeam "Düsseldorfer SK"]

1. e4 c5 2. f4 d6 3. Nf3 Nc6 4. a3 Nf6 5. Nc3 g6 6. Bc4 Bg7 7. d3 O-O 8. O-O e6
9. Ba2 Bd7 10. Ne2 b5 11. Ng3 Qb6 12. Ng5 h6 13. Nh3 Ne7 14. Be3 h5 15. Nf2 Ne8
16. f5 exf5 17. exf5 Bxb2 18. fxg6 Nxg6 19. Qxh5 Bxa1 20. Qxg6+ Bg7 21. Nfe4 d5
22. Qh5 Rc8 23. Bxd5 Be6 24. Ng5 Nf6 25. Rxf6 Rfe8 26. Qh7+ Kf8 27. Nxe6+ Rxe6
28. Bxe6 Rc7 29. Bh6 c4+ 30. Kh1 Bxh6 31. Qxh6+ Ke7 32. Nf5+ Ke8 33. Qh8# 1-0

[Event "VI. Karnevals-Open"]
[Site "Solingen"]
[Date "2015.02.14"]
[Round "3.33"]
[White "Barche, Uwe"]
[Black "Pitz, Marko"]
[Result "0-1"]
[WhiteElo "1457"]
[BlackElo "1688"]
[PlyCount "61"]
[EventDate "2015.??.??"]
[WhiteTeam "SG Solingen"]
[BlackTeam "Greifswalder SV"]

1. c4 f5 2. g3 Nf6 3. Bg2 e5 4. Nf3 Nc6 5. e3 e4 6. Nh4 d6 7. O-O g5 8. Nxf5
Bxf5 9. a3 Ne5 10. f4 Nf3+ 11. Bxf3 exf3 12. Qxf3 Be4 13. Qd1 Qd7 14. Nc3 Bd3
15. fxg5 Bxf1 16. Qxf1 Ng4 17. Nd5 O-O-O 18. h3 Ne5 19. d4 Ng6 20. b4 Bg7 21.
b5 b6 22. Qg2 c6 23. bxc6 Qxc6 24. Ne7+ Nxe7 25. Qe2 Qe4 26. Bd2 Bxd4 27. Re1
Bc5 28. a4 a5 29. h4 Nf5 30. Kh2 Nxh4 31. Rg1 0-1

[Event "VI. Karnevals-Open"]
[Site "Solingen"]
[Date "2015.02.14"]
[Round "3.34"]
[White "Schütz, Samson"]
[Black "Winand, Michael"]
[Result "0-1"]
[WhiteElo "1687"]
[BlackElo "1675"]
[PlyCount "50"]
[EventDate "2015.??.??"]
[WhiteTeam "Fideler Bauer Leverkusen"]
[BlackTeam "Aachener SV"]

1. d4 Nf6 2. c4 g6 3. Nc3 d5 4. Nf3 Bg7 5. Bg5 Ne4 6. e3 Nxg5 7. Nxg5 O-O 8.
cxd5 e5 9. dxe6 Qxg5 10. exf7+ Kh8 11. Qf3 Nc6 12. Nd5 Bg4 13. Qe4 Rxf7 14. h4
Qf5 15. Qxf5 Bxf5 16. Be2 Be4 17. Nf4 Nxd4 18. exd4 Rxf4 19. f3 Bd5 20. h5 g5
21. h6 Bxd4 22. g3 Rf5 23. Rc1 c5 24. b4 Re8 25. Kd2 Be3+ 0-1

[Event "VI. Karnevals-Open"]
[Site "Solingen"]
[Date "2015.02.14"]
[Round "3.36"]
[White "Coenen, Siegfried"]
[Black "Suvorov, Luca"]
[Result "1-0"]
[WhiteElo "1992"]
[BlackElo "1757"]
[PlyCount "149"]
[EventDate "2015.??.??"]
[WhiteTeam "SG Hochneukirch"]
[BlackTeam "SG Porz"]

1. e4 c6 2. d4 d5 3. e5 Bf5 4. Bd3 Bxd3 5. Qxd3 e6 6. Ne2 a6 7. O-O c5 8. c3
Nc6 9. a3 Nge7 10. Bg5 Qd7 11. Bxe7 Bxe7 12. Nd2 O-O 13. Qg3 cxd4 14. cxd4 f6
15. f4 b5 16. Nf3 Rac8 17. h4 Na5 18. exf6 Bxf6 19. Ne5 Qe7 20. Qe1 Nb3 21. Rd1
a5 22. g3 Bxe5 23. fxe5 Rc2 24. Rxf8+ Qxf8 25. Nf4 Qf5 26. Qe3 a4 27. Rf1 Qg4
28. Qd3 Rc4 29. Kg2 Nxd4 30. Rf2 Nf5 31. Nxd5 Rd4 32. Rxf5 Rxd5 33. Rf4 Rxd3
34. Rxg4 Rd2+ 35. Kf3 Rxb2 36. Rd4 Rb3+ 37. Kf4 Rxa3 38. h5 Rc3 39. Rd8+ Kf7
40. Rd7+ Kf8 41. Rb7 Rc4+ 42. Ke3 b4 43. Rb8+ Ke7 44. Rb7+ Ke8 45. Rxg7 a3 46.
Ra7 b3 47. Rxa3 b2 48. Ra8+ Kf7 49. Ra7+ Kg8 50. Rb7 Rc2 51. h6 Rh2 52. Kf4
Rxh6 53. Rxb2 Rh1 54. Kg5 Rf1 55. g4 Rf3 56. Rb8+ Kg7 57. Rb7+ Kg8 58. Re7 Rf7
59. Re8+ Kg7 60. Rxe6 Ra7 61. Rd6 Re7 62. e6 Re8 63. Rd7+ Kg8 64. Kf6 Rf8+ 65.
Rf7 Ra8 66. Rg7+ Kh8 67. Rd7 Kg8 68. g5 Rf8+ 69. Rf7 Ra8 70. Rg7+ Kh8 71. e7
Ra6+ 72. Kf7 Ra8 73. g6 hxg6 74. Rxg6 Kh7 75. Rg1 1-0

[Event "VI. Karnevals-Open"]
[Site "Solingen"]
[Date "2015.02.15"]
[Round "4.1"]
[White "Jesse, Ingemars"]
[Black "Berg, Michael"]
[Result "1/2-1/2"]
[WhiteElo "2423"]
[BlackElo "2264"]
[PlyCount "165"]
[EventDate "2015.??.??"]
[WhiteTeam "SG Bochum"]
[BlackTeam "SG Solingen"]

1. Nf3 Nf6 2. g3 g6 3. Bg2 Bg7 4. O-O O-O 5. d3 d5 6. Nbd2 c5 7. e4 Nc6 8. Re1
d4 9. a3 e5 10. Nc4 Ne8 11. a4 Nd6 12. b3 Nxc4 13. dxc4 Bg4 14. h3 Bd7 15. Bd2
a5 16. Qe2 Qc7 17. Rf1 Rae8 18. Ne1 f5 19. Kh2 f4 20. Nd3 b6 21. Bf3 Re7 22.
Kg2 Qc8 23. Rh1 Ref7 24. g4 g5 25. Rag1 Ne7 26. Kf1 Ng6 27. Ke1 Nh4 28. Kd1 Bc6
29. Re1 Bd7 30. Kc1 Bc6 31. Rhg1 Qb7 32. Qd1 Qa8 33. Bh1 h6 34. f3 Bf6 35. Bg2
Rh7 36. Bf1 Rd8 37. Kb1 Re8 38. Nf2 Rhe7 39. Bd3 Bd7 40. Qe2 Qc8 41. Ref1 Rg7
42. Be1 Bc6 43. Nd1 Ng6 44. Rh1 Bd7 45. Rfg1 Bc6 46. Bf2 Bd7 47. Qe1 Bc6 48.
Nb2 Bd7 49. Be2 Bc6 50. Nd3 Bd7 51. Qd1 Bc6 52. Ne1 Qd8 53. Ng2 Nh4 54. Qe1 Rf8
55. Bxh4 gxh4 56. Qf2 Bg5 57. Ne1 Re8 58. Nd3 Rd7 59. Rd1 Qe7 60. Nc1 Red8 61.
Bd3 Qf6 62. Ne2 Re8 63. c3 Red8 64. cxd4 exd4 65. Rhe1 Re8 66. Nc1 Re5 67. Bc2
Rd8 68. Nd3 Rd7 69. Nxe5 Qxe5 70. Bd3 Rd8 71. Kc2 Ra8 72. Kd2 Ra7 73. Ke2 Ra8
74. Kf1 Ra7 75. Kg1 Ra8 76. Kh2 Ra7 77. Ra1 Ra8 78. Ra2 Bd7 79. Rea1 Bd8 80.
Rg1 Kh8 81. Raa1 Bg5 82. Ra2 Bd8 83. Raa1 1/2-1/2

[Event "VI. Karnevals-Open"]
[Site "Solingen"]
[Date "2015.02.15"]
[Round "4.2"]
[White "Vranidis, Athanassios"]
[Black "Coenen, Michael"]
[Result "0-1"]
[WhiteElo "1880"]
[BlackElo "2404"]
[PlyCount "50"]
[EventDate "2015.??.??"]
[WhiteTeam "SG Solingen"]
[BlackTeam "SG Hochneukirch"]

1. d4 Nf6 2. c4 g6 3. Nc3 d5 4. cxd5 Nxd5 5. e4 Nxc3 6. bxc3 Bg7 7. Nf3 O-O 8.
Be2 c5 9. Rb1 b6 10. O-O Bb7 11. Qd3 Qc7 12. Qe3 Nd7 13. h3 e6 14. Ba3 Rac8 15.
Rfd1 Rfd8 16. d5 exd5 17. exd5 Re8 18. Qd2 Nf6 19. d6 Qd7 20. Bb5 Bc6 21. Bxc6
Rxc6 22. Qf4 Ne4 23. Re1 Nxc3 24. Rxe8+ Qxe8 25. Re1 Qxe1+ 0-1